000 00707cam a2200253 4500
008 090401t1992 xxu||||| |||| 00| 0 eng d
020 _a0102009937
035 _a(Sirsi) u75488
041 _aeng
050 _a627.24
110 _aUnited Kingdom
_bNational Audit Office
_91350
245 _aReport by the Comptroller and Auditor General: coastal defences in England.
260 _aLondon
_bHMSO
_c1992
300 _a43p. ; 30cm.
350 _a7.8
490 _aHCP
_v9
650 _aMAFF
650 _aMINISTRY OF AGRICULTURE FISHERIES AND FOOD
650 _aNATIONAL RIVERS AUTHORITY
650 _aSTORM TIDE WARNING SERVICE
690 _aCONSERVATION
942 _n0
948 _c04/03/1997
999 _c96025
_d96025